Name a Valid Deltarune Song - Statistics

General Stats
  • This quiz has been taken 180 times
    7 since last reset
  • The average score is 5 of 15
Answer Stats
Hint Answer % Correct
Has a leitmotif from Undertale Beginning | School | Rude Buster | Lantern| A Town Called Hometown | You Can Always Come Home | Before the Story | BIG SHOT | sans. | Chill Jailbreak Alarm to Study and Relax To | Vapor Buster | Glowing Snow | BURNING EYES | Another day in hometown | Gyaa Ha ha! | Fireplace | A DARK ZONE | Ever Higher | Hammer of Justice| Ripple | Dark Place | Need a hand?! | The place where it rained | The Ol' Jitterbug | Neverending Night | Catswing | Airwaves
67%
Has a changing time signature The Legend | Basement | Queen | The Dark Truth | Adventure Board | A DARK ZONE | The Second Sanctuary | The Third Sanctuary
67%
Is over 3 minutes The Third Sanctuary | GUARDIAN
67%
From Chapter 1 ANOTHER HIM | Beginning | School | Susie | The Door | Cliffs | The Chase | The Legend | Lancer | Rude Buster | Empty Town | Weird Birds | Field of Hopes and Dreams | Fanfare (from Rose of Winter) | Lantern | I'm Very Bad | Checker Dance | Quiet Autumn | Scarlet Forest | Thrash Machine | Vs. Lancer | Basement | Imminent Death | Vs. Susie | Card Castle | Rouxls Kaard | April 2012 | Hip Shop | Gallery | Chaos King | Darkness Falls | The Circus | THE WORLD REVOLVING | Friendship | THE HOLY | Your Power | A Town Called Hometown | You Can Always Come Home | Don't Forget | Before the Story
33%
Is a Boss Track from Chapter 2 Cyber Battle (Solo) | Smart Race | NOW"S YOUR CHANCE TO BE A | Pandora Palace | It's Pronounced "Rules" | Attack of the Killer Queen | Knock You Down !! | BIG SHOT
33%
Has both the Dark Sanctuary and Don't Forget leitmotifs Dark Sanctuary | From Now On (Battle 2) | Ever Higher | The Second Sanctuary | GUARDIAN | Neverending Night
33%
Has parentheses in its name Fanfare (from Rose of Winter) | Cyber Battle (Solo) | Faint Courage (Game Over) | Berdly (Rejected Concept) | Flashback (Excerpt) | Knock You Down !! (Rhythm Ver.) | From Now On (Battle 2)
33%
Plays during the Titan Boss fight GUARDIAN | Need a hand?!
33%
Starts with R Rude Buster | Rouxls Kaard | Ruder Buster | Raft Ride | Raise Up Your Bat | Ripple
33%
Returns from Undertale sans.
33%
Has the name of a character Susie | Lancer | Thrash Machine | Vs. Lancer | Vs. Susie | Rouxls Kaard | Chaos King | Queen | Berdly | Spamton | Attack of the Killer Queen | sans. | Berdly (Rejected Concept) | MIKE, the BOARD, please! | SPAWN
33%
Uses the Freedom leitmotif The Circus | THE WORLD REVOLVING | BIG SHOT | Dialtone | Hammer of Justice | Airwaves
33%
Has vocals THE HOLY | Don't Forget | Spamton | NOW"S YOUR CHANCE TO BE A | BIG SHOT | Until Next Time | Dark Sanctuary | Neverending Night
33%
Has Lena Raine accredited Cyber Battle (Solo) | Attack of the Killer Queen | Piano that may not be played that well
0%
Is less than 10 seconds Ohhhohohoho! | Dig Dig! To the Center of the Earth! | Concert for you
0%
No matching quizzes found
Score Distribution
Percent of People with Each Score
Percentile by Number Answered
Your Score History
You have not taken this quiz since the last reset